ბათუმის შოთა რუსთაველის სახელმწიფო უნივერსიტეტის ბიბლიოთეკა

Филологический Анализ Текста. (ბიბ.ჩანაწერი № 35157)

000 -LEADER
fixed length control field 00645nam a2200229Ia 4500
001 - CONTROL NUMBER
control field 999
003 - CONTROL NUMBER IDENTIFIER
control field GE_BSU
008 - FIXED-LENGTH DATA ELEMENTS--GENERAL INFORMATION
fixed length control field 181216s||||||||xx |||||||||||||| ||und||
020 ## - INTERNATIONAL STANDARD BOOK NUMBER
International Standard Book Number 5769509546
040 ## - CATALOGING SOURCE
Transcribing agency GE_BSU
080 ## - UNIVERSAL DECIMAL CLASSIFICATION NUMBER
Universal Decimal Classification number 800.005)075.8)
100 ## - MAIN ENTRY--PERSONAL NAME
Personal name Николина,Н.А.
245 ## - TITLE STATEMENT
Title Филологический Анализ Текста.
245 ## - TITLE STATEMENT
Remainder of title Учебное пособие студ. педагогич. вузов.
260 ## - PUBLICATION, DISTRIBUTION, ETC.
Place of publication, distribution, etc. Москва:
260 ## - PUBLICATION, DISTRIBUTION, ETC.
Name of publisher, distributor, etc. Академия
260 ## - PUBLICATION, DISTRIBUTION, ETC.
Date of publication, distribution, etc. 2003
300 ## - PHYSICAL DESCRIPTION
Extent 254 с.
653 ## - INDEX TERM--UNCONTROLLED
Uncontrolled term Филолггический АнализТекста
942 ## - ADDED ENTRY ELEMENTS (KOHA)
Koha item type წიგნი
ეგზემპლარები
Withdrawn status Lost status Damaged status Not for loan Date acquired Barcode Date last seen Price effective from Koha item type
        2018-12-17 1716 2018-12-17 2018-12-17 წიგნი